| 000 | 01198naa a22003257a 4500 | ||
|---|---|---|---|
| 001 | BR6010235 | ||
| 003 | BR-BrBNA | ||
| 005 | 20240918173157.0 | ||
| 007 | ta | ||
| 008 | 230509b bl.||||| |||| 00| 0 por d | ||
| 040 |
_aBR-BrBNA _bpor _cBiblioteca Nacional de Agricultura |
||
| 041 | _a(Pt) | ||
| 072 |
_aF25 _b3830 |
||
| 090 | _aF25 BR6010235 | ||
| 100 | 1 | _aCatani, R.A. | |
| 100 | 1 | _aNascimento, A.C. | |
| 100 | 1 | _aCosta, N.A. | |
| 111 | 1 |
_a4. Reuniao Brasileira de Ciencia do Solo _cBelo Horizonte, MG (Brazil) _d17 Jul 1953 |
|
| 245 | 1 | _aFertilizantes fosfatados, classificacao e interpretacao dos resultados analiticos [Analise quantitativa; Solubilidade] | |
| 260 | 3 |
_aRio de Janeiro, GB (Brasil): _c1956. |
|
| 500 | _aAnais da 4. Reuniao Brasileira de Ciencia do Solo Rio de Janeiro, GB (Brasil): 1956. p. 49-64 (BR6010235-AM)F25 | ||
| 650 | _aFertilizante | ||
| 650 | _aFertilizante fosfatado | ||
| 650 | _aFosfato | ||
| 650 | _aAnalise quantitativa | ||
| 650 | _aSolubilidade | ||
| 773 | 0 |
_tAnais da 4. Reuniao Brasileira de Ciencia do Solo _wF25 BR6010235 _gRio de Janeiro, GB (Brasil), 1956. p. 49-64 |
|
| 909 |
_a202404 _bLucia _c55 _dLucia Elande |
||
| 942 |
_cAM _2AGRIS |
||
| 999 |
_c303316 _d303316 |
||